| 000 | 00675nam a2200229 i 4500 | ||
|---|---|---|---|
| 001 | 106358 | ||
| 003 | ES-MaACL | ||
| 005 | 20250827231500.0 | ||
| 007 | t| | ||
| 008 | 061102s1971 fr ||||1| fre d | ||
| 080 | _a165.72 | ||
| 100 | 1 |
_aVerdan, André. _9114004 |
|
| 245 | 1 | 3 |
_aLe scepticisme philosophique / _cpar André Verdan. |
| 260 |
_aParis : _bBordas, _c1971. |
||
| 300 |
_a146 p. ; _c22 cm. |
||
| 490 | 1 | _aPour connaître la pensée | |
| 500 | _aBiblioteca Jacinto Martínez Lacalle. | ||
| 650 | 1 | 4 |
_aEscepticismo- _vHistoria _912355 |
| 830 | 0 |
_aPour connaître la pensée _9185196 |
|
| 852 |
_aES-MaACL _jE-11360 _bR.139122 |
||
| 999 |
_c106358 _d106358 |
||